000 00526nam a2200205 a 4500
001 16967
003 CO-ViMGA
008 141112s2004 ck r 000 u spa d
020 _a9682462525
040 _aCO-ViMGA
_bspa
_cCO-ViMGA
082 0 4 _a631.542 B766t
100 1 _aBrooklyn Botanic Garden,
_924046
245 1 0 _aTecnicas de poda
260 _aMexico,
_cTrillas,
_c2002
300 _a136.p.il.
590 _aForma de adquisición : Premio - Mincultura
650 1 4 _aJARDINERIA
650 1 4 _aPODA
942 _2ddc
_cBK
999 _c26589
_d26589